| 000 | 01059nam a22003257a 4500 | ||
|---|---|---|---|
| 001 | BR0303323 | ||
| 003 | BR-BrBNA | ||
| 005 | 20230928101310.0 | ||
| 007 | ta | ||
| 008 | 230509b bl.||||| |||| 00| 0 por d | ||
| 040 |
_aBR-BrBNA _bpor _cBiblioteca Nacional de Agricultura |
||
| 041 | _a(Por) | ||
| 072 |
_aH20; F06 _b1850 _b3530 _b4110 |
||
| 090 | _ 1850 BR0303323 | ||
| 100 | 1 | _aTeramoto, A. | |
| 110 | 1 |
_aEscola Superior de Agricultura Luiz de Queiroz, Piracicaba, SP (Brasil) _0Tese (Mestre em Agronomia) |
|
| 245 | 1 | _aEfeito de diferentes sistemas de irrigação sobre a disseminação de Xanthomonas campestris pv. vesicatoria em mudas de tomate | |
| 260 | 3 |
_aPiracicaba, SP (Brasil): _c2003. |
|
| 300 | _a48 p. | ||
| 500 | _aSummaries (Eng, Por); Bibliography p. 42-48; 8 illus.; 7 tables | ||
| 650 | _aTOMATE | ||
| 650 | _aMUDA | ||
| 650 | _aBACTÉRIA | ||
| 650 | _aDOENÇA DE PLANTA | ||
| 650 | _aIRRIGAÇÃO POR ASPERSÃO | ||
| 650 | _aPULVERIZAÇÃO | ||
| 650 | _aESTUFA | ||
| 909 |
_a202309 _bLucia _c55 _dLucia Elande |
||
| 942 | _cBK | ||
| 999 |
_c65151 _d65151 |
||